000 002990000a22000970004500
100 1 _aCarter, Edward J.
245 1 0 _aToll and tribute : A political reading of Mathew 17.24-27
300 _aVol. 25, Núm 4 (2003), Páginas 413-431
773 0 _tJournal for the Study of the New Testament
942 _cANA
999 _c55470
_d55470